000 00467nam a2200157 i 4500
001 45217
003 ES-MaACL
005 20230906161200.0
007 t|
008 030325s1963 sp ||||1| spa d
100 1 _aCobos, Pablo de A.
_939367
245 1 0 _aHumor y pensamiento de Antonio Machado en la metafísica poética /
_cPablo de A. Cobos.
260 _aMadrid :
_bInsula,
_c1963.
300 _a175 p., 8 lám. ;
_c23 cm.
852 _aES-MaACL
_jC-24610
_bR.53359
999 _c45217
_d45217